000 02203cam a22005054i 4500
003 PE-LiUPU
005 20250731184517.0
008 150616s r 000 0 d
035 _a(Sirsi) a1800
040 _aPE-LiUPU
_bspa
_cPE-LiUPU
_erda
049 _aPRUA
082 0 4 _a266.09
_bZ98
_221
100 1 _aZwemer, Samuel M.,
_eautor.
245 1 0 _aRaimundo Lulio, primer misionero cristiano entre los musulmanes /
_cSamuel M. Zwerner.
264 1 _aGrand Rapids, Michigan :
_bSubcomisión Literatura Cristiana,
_c1977.
300 _a141 páginas :
_bilustraciones ;
_c20 cm
336 _atext
_2rdacontent
337 _aunmediated
_2rdamedia
338 _avolume
_2rdacarrier
504 _aIncluye bibliografía.
505 0 _aEuropa y los Sarracenos en el siglo XIII -- La cuna y juventud de Raimundo Lulio -- La visión y el llamamiento a servir -- Preparación para el conflicto -- En Montpellier, París y Roma -- El priemr viaje misionero a Túnez -- Otros viajes misioneros -- Raimundo Lulio, filósofo y escritor -- Ultimo viaje misionero y martirio de Lulio -- Y, difunto, aún habla.
526 _aP136
526 _aP135
526 _aP134
526 _aP133
526 _aP144
526 _aP143
526 _aP87
526 _aP35
526 _aP20
526 _aP14
526 _aP10
526 _aP06
600 1 _aRaymundo, Lulio
910 _ajck
_bjvq
_cjck
942 _2ddc
_cBOOK
949 _a266.09 Z98
_wDEWEY
_c1
_i38923
_lCCODEBUL1
_mBUL
_p00.00
_r0
_sY
_tBOOK
_u19821020
_xTEOLOGIA
_PP35
_0COMPRA
_o.STAFF. Colección General
949 _a922.1 Z98
_wDEWEY
_c2
_i21039
_lCCODEBUL1
_mBUL
_p00.00
_r0
_sY
_tBOOK
_u2015-04-23
_xTEOLOGIA
_zUNKNOWN
_0COMPRA
_o.STAFF. Colección General
994 _aC0
_bPEPRU
596 _a1
999 _a266.09 Z98
_wDEWEY
_c17643
_i38923
_f2021-11-10
_g5
_lCCODEBUL1
_mBUL
_r0
_sY
_tBOOK
_u2015-6-16
_xTEOLOGIA
_PP35
_0COMPRA
_o.STAFF. Colección General
_d17643
999 _a922.1 Z98
_wDEWEY
_c2
_i21039
_f2021-11-12
_g5
_lCCODEBUL1
_mBUL
_r0
_sY
_tBOOK
_u2015-4-23
_xTEOLOGIA
_zUNKNOWN
_0COMPRA
_o.STAFF. Colección General
980 _81
_gALBERTO SANCHEZ Responsable de Automatización